UK Residential Market Survey (Record no. 121709)
[ view plain ]
| 000 -LEADER | |
|---|---|
| fixed length control field | 01209nam a22002057a 4500 |
| 008 - FIXED-LENGTH DATA ELEMENTS--GENERAL INFORMATION | |
| fixed length control field | 231110e20231110xxk|||||o|||| 00| 0 eng d |
| 041 ## - LANGUAGE CODE | |
| Language code of text/sound track or separate title | eng |
| 110 ## - MAIN ENTRY--CORPORATE NAME | |
| Corporate author | Royal Institution of Chartered Surveyors |
| 245 ## - TITLE STATEMENT | |
| Title | UK Residential Market Survey |
| Subtitle | October 2023 |
| Medium | [Electronic resource] |
| 260 ## - PUBLICATION INFORMATION | |
| Place of publication | London, |
| Publisher | Royal Institution of Chartered Surveyors, |
| Date | November 2023 |
| 300 ## - PHYSICAL DESCRIPTION | |
| Physical description | 19p |
| 490 ## - SERIES TITLE | |
| Series statement | RICS UK Residential Market Survey |
| 520 ## - ABSTRACT | |
| Abstract | The October 2023 RICS UK Residential Survey results once again point to a subdued picture for home buyer activity as the market continues to adjust to the tighter lending climate. That said, although many aspects of the latest feedback remain downbeat, the current readings across most indicators are at least somewhat less negative than those returned in the previous iteration of the survey |
| 650 ## - KEYWORDS | |
| Keywords | HOUSING MARKET |
| 650 ## - KEYWORDS | |
| Keywords | RESIDENTIAL PROPERTY |
| 651 ## - SUBJECT ADDED ENTRY--GEOGRAPHIC NAME | |
| Geographic name | United Kingdom |
| 710 ## - ADDED CORPORATE NAME | |
| Added corporate author | Royal Institution of Chartered Surveyors |
| 856 ## - ONLINE RESOURCE | |
| Uniform Resource Identifier | <a href="https://www.rics.org/content/dam/ricsglobal/documents/market-surveys/uk-residential-market-survey/10._WEB_October_2023_RICS_UK_Residential_Market_Survey_tp.pdf">https://www.rics.org/content/dam/ricsglobal/documents/market-surveys/uk-residential-market-survey/10._WEB_October_2023_RICS_UK_Residential_Market_Survey_tp.pdf</a> |
| Public note | Available free on RICS.org |
| 942 ## - ADDED ENTRY ELEMENTS (KOHA) | |
| Suppress in OPAC | Do not suppress in OPAC |
| Lost status | Source of classification or shelving scheme | Damaged status | Not for loan | Current library | Shelving location | Date acquired | Total Checkouts | Full call number | Date last seen | Price effective from | Koha item type |
|---|---|---|---|---|---|---|---|---|---|---|---|
| Dewey Decimal Classification | Virtual | Online | 10/11/2023 | MARKET DATA | 10/11/2023 | 10/11/2023 | Online material |